000 00585nam a2200205 i 4500
001 bgj
100 1 _aHUTCHINSON, Tom.
245 0 _aProject English :
_bteacher's book /
_cTom Hutchinson.
250 _a[6th imprint].
260 _aOxford [etc.],
_c1994
_aOxford University Press.
300 _aIII, T118, 33 pp :
_bill. ;
_c28 cm.
505 _aIncludes Test Booklet.
650 9 _aEnglish language
_xTextbooks for foreigners
020 _a0194354477
040 _cBPK
041 0 _aeng
920 _a0-19-435447-7
942 _cKS
008 s uk f |000 0 eng
999 _c47730
_d47730